[Event "World Rapid Women 2018"]
[Site "St Petersburg RUS"]
[Date "2018.12.27"]
[Round "5.62"]
[White "Bogumil, Tatiana"]
[Black "Tomashevskaya, Lidia"]
[Result "0-1"]
[WhiteTitle "WGM"]
[BlackTitle "WIM"]
[WhiteElo "2114"]
[BlackElo "2123"]
[WhiteFideId "4110579"]
[BlackFideId "4113110"]
[EventDate "2018.12.26"]

1. Nf3 Nf6 2. c4 c5 3. g3 e6 4. Bg2 d5 5. O-O Nc6 6. cxd5 exd5 7. d4 Be6 8. dxc5
Bxc5 9. Nc3 h6 10. Na4 Be7 11. Nd4 Nxd4 12. Qxd4 O-O 13. Nc5 Bc8 14. Rd1 b6 15.
Nd3 Bb7 16. Nf4 Bc5 17. Qd3 Qe7 18. e3 Rfd8 19. Ne2 Ne4 20. Nd4 Rac8 21. a3 Qf6
22. Qe2 a6 23. f3 Ng5 24. h4 Ne6 25. Qf2 b5 26. Bh3 Rc7 27. Bd2 Nxd4 28. exd4
Bxd4 29. Be3 Bxe3 30. Qxe3 Rc2 31. Rd4 Rxb2 32. Rad1 Qg6 33. f4 Rb1 34. f5 Rxd1+
35. Rxd1 Qf6 36. Rd4 Bc6 37. Kf2 Re8 38. Qd2 Qe5 39. Rf4 d4 40. Rxd4 Qc5 41. Kf1
Qxa3 42. f6 Qf3+ 43. Qf2 Qh1+ 44. Qg1 Re5 0-1

[Event "World Rapid Women 2018"]
[Site "St Petersburg RUS"]
[Date "2018.12.27"]
[Round "6.1"]
[White "Tan, Zhongyi"]
[Black "Ju, Wenjun"]
[Result "1/2-1/2"]
[WhiteTitle "GM"]
[BlackTitle "GM"]
[WhiteElo "2508"]
[BlackElo "2575"]
[WhiteFideId "8603642"]
[BlackFideId "8603006"]
[EventDate "2018.12.26"]

1. d4 Nf6 2. Nf3 d5 3. c4 e6 4. e3 Be7 5. b3 O-O 6. Bb2 c5 7. dxc5 Bxc5 8. Nbd2
b6 9. a3 Bb7 10. Bd3 Nbd7 11. O-O Be7 12. b4 a5 13. b5 Nc5 14. Be2 Nfe4 15. Nxe4
Nxe4 16. Rc1 Rc8 17. Ne5 Bf6 18. cxd5 Qxd5 19. Qxd5 Bxd5 20. Bd4 Nd2 21. Rfd1
Nb3 22. Rxc8 Rxc8 23. Bf3 Nxd4 24. exd4 Bxe5 25. dxe5 Bxf3 26. gxf3 g6 27. Rd6
Rc3 28. f4 Rxa3 29. Rxb6 Rb3 30. Kg2 Kg7 31. Rb7 h6 32. h4 a4 33. Ra7 a3 34. b6
Rxb6 35. Rxa3 Rb4 36. Kg3 Rc4 37. Rb3 Rd4 38. Ra3 Rd1 39. Kg2 Re1 40. Rb3 Re4
41. Kf3 Rd4 42. Kg3 Re4 1/2-1/2

[Event "World Rapid Women 2018"]
[Site "St Petersburg RUS"]
[Date "2018.12.27"]
[Round "6.2"]
[White "Goryachkina, Aleksandra"]
[Black "Muzychuk, Mariya"]
[Result "1/2-1/2"]
[WhiteTitle "GM"]
[BlackTitle "GM"]
[WhiteElo "2518"]
[BlackElo "2540"]
[WhiteFideId "4147103"]
[BlackFideId "14114550"]
[EventDate "2018.12.26"]

1. e4 c5 2. Nf3 e6 3. c3 Nf6 4. e5 Nd5 5. Bc4 d6 6. d4 cxd4 7. Bxd5 exd5 8. Qxd4
Be6 9. Bg5 dxe5 10. Qxe5 Nc6 11. Qxe6+ fxe6 12. Bxd8 Rxd8 13. O-O Be7 14. Nbd2
Kf7 15. Rfe1 Bf6 16. Nb3 Rhe8 17. Rad1 e5 18. Re2 b6 19. Red2 Ke6 20. Re2 Kf7
21. Red2 Ke6 22. Re2 Kf7 1/2-1/2

[Event "World Rapid Women 2018"]
[Site "St Petersburg RUS"]
[Date "2018.12.27"]
[Round "6.3"]
[White "Khademalsharieh, Sarasadat"]
[Black "Koneru, Humpy"]
[Result "1/2-1/2"]
[WhiteTitle "IM"]
[BlackTitle "GM"]
[WhiteElo "2470"]
[BlackElo "2541"]
[WhiteFideId "12512214"]
[BlackFideId "5008123"]
[EventDate "2018.12.26"]

1. d4 Nf6 2. c4 e6 3. Nf3 b6 4. g3 Bb7 5. Bg2 Bb4+ 6. Bd2 c5 7. O-O O-O 8. Bxb4
cxb4 9. a3 bxa3 10. Rxa3 Qe7 11. Nbd2 d5 12. Qa1 Nc6 13. e3 Rfc8 14. Rc1 dxc4
15. Nxc4 Nb4 16. Ne1 Bxg2 17. Kxg2 Rc7 18. Ne5 Rac8 19. Rxc7 Rxc7 20. Rc3 Nbd5
21. Rxc7 Qxc7 22. Qa4 h6 23. e4 Ne7 24. N1d3 Qb7 25. f3 Qc7 26. h4 g6 27. g4 g5
28. hxg5 hxg5 29. Nf2 Kg7 30. Nh3 Ng6 31. Nxg6 Kxg6 32. Qd1 Qd8 33. Qd2 Nd7 34.
Qc2 Kg7 35. Qc1 Kg6 36. Qc2 Kg7 37. Qc1 Kg6 38. Nf2 Nf8 39. Qe3 Kg7 40. Nh3 Nh7
41. Qc3 Qf6 42. Qd2 Kg6 43. f4 Qd8 44. f5+ Kg7 45. e5 f6 46. fxe6 Qd5+ 47. Kg3
Qxe6 48. Qe3 Kf7 49. Qf3 Kg7 50. Qe3 Kf7 51. Nf2 fxe5 52. dxe5 Kg7 53. Qc3 Nf8
54. Ne4 Nd7 55. Nxg5 1/2-1/2

[Event "World Rapid Women 2018"]
[Site "St Petersburg RUS"]
[Date "2018.12.27"]
[Round "6.4"]
[White "Gunina, Valentina"]
[Black "Arabidze, Meri"]
[Result "0-1"]
[WhiteTitle "GM"]
[BlackTitle "IM"]
[WhiteElo "2496"]
[BlackElo "2387"]
[WhiteFideId "4167570"]
[BlackFideId "13604040"]
[EventDate "2018.12.26"]

1. d4 d5 2. c4 dxc4 3. Nf3 Nf6 4. e3 Bg4 5. Bxc4 e6 6. O-O Nbd7 7. Nc3 Bb4 8. h3
Bh5 9. Be2 O-O 10. Qb3 c5 11. dxc5 a5 12. a3 Bxc3 13. Qxc3 Ne4 14. Qc4 Ndxc5 15.
Rd1 Qb6 16. g4 Bg6 17. Ne5 Rfc8 18. Nxg6 hxg6 19. Rb1 a4 20. f3 Nf6 21. Bd2 Nb3
22. Qb4 Qa7 23. Kf2 Rc2 24. Bd3 Rxd2+ 25. Rxd2 Nd5 0-1

[Event "World Rapid Women 2018"]
[Site "St Petersburg RUS"]
[Date "2018.12.27"]
[Round "6.5"]
[White "Girya, Olga"]
[Black "Saduakassova, Dinara"]
[Result "0-1"]
[WhiteTitle "WGM"]
[BlackTitle "IM"]
[WhiteElo "2454"]
[BlackElo "2472"]
[WhiteFideId "4195752"]
[BlackFideId "13700090"]
[EventDate "2018.12.26"]

1. d4 Nf6 2. Nf3 e6 3. c4 b6 4. a3 Ba6 5. Qc2 Bb7 6. Nc3 c5 7. e4 cxd4 8. Nxd4
Bc5 9. Nf3 Nc6 10. b4 Nd4 11. Qd3 Nxf3+ 12. gxf3 Be7 13. Rg1 g6 14. Bh6 Qc7 15.
f4 a6 16. Be2 O-O-O 17. Rc1 Kb8 18. Qe3 d6 19. Bf3 Rhe8 20. Bg5 Rc8 21. Na4 Nd7
22. Bxe7 Rxe7 23. Kd2 Qc6 24. Nc3 f5 25. Rg3 Qxc4 26. Be2 Qc7 27. Na2 Qd8 28.
Rxc8+ Qxc8 29. Qd4 Ka7 30. Qxd6 Qe8 31. e5 Nf6 32. exf6 Rd7 33. Rd3 Rxd6 34.
Rxd6 Qf7 35. Nc3 Qxf6 36. Rd7 Qh4 37. Ke3 Qh3+ 38. f3 Qxh2 39. b5 a5 40. Nd1
Qg1+ 41. Kd2 Qc5 42. Ne3 Kb8 43. Nc4 Bd5 44. Ne5 Qd4+ 45. Nd3 h5 46. Ke1 Qg1+
47. Kd2 h4 48. Rh7 Qg3 49. Ke3 h3 50. Ne5 Qg1+ 51. Kd3 Qb1+ 52. Kd2 Qb2+ 53. Kd3
Qxb5+ 54. Kd2 Qb2+ 55. Kd3 Qxa3+ 56. Kd2 Qb4+ 57. Ke3 Qc5+ 58. Kd3 Bc6 59. Rh8+
Ka7 60. Rh7+ Bb7 61. Rxh3 Ba6+ 62. Kd2 Qb4+ 63. Ke3 Qc3+ 64. Bd3 Bxd3 65. Nxd3
a4 66. Rh7+ Ka6 67. Rd7 0-1

[Event "World Rapid Women 2018"]
[Site "St Petersburg RUS"]
[Date "2018.12.27"]
[Round "6.6"]
[White "Ushenina, Anna"]
[Black "Mammadova, Gulnar"]
[Result "1/2-1/2"]
[WhiteTitle "GM"]
[BlackTitle "IM"]
[WhiteElo "2440"]
[BlackElo "2368"]
[WhiteFideId "14110911"]
[BlackFideId "13403508"]
[EventDate "2018.12.26"]

1. d4 e6 2. Bf4 Nf6 3. e3 b6 4. Nd2 Bb7 5. Ngf3 Be7 6. h3 Ne4 7. Nxe4 Bxe4 8.
Nd2 Bb7 9. Bd3 d5 10. O-O Nd7 11. c3 Nf6 12. Qf3 O-O 13. e4 dxe4 14. Nxe4 Nxe4
15. Bxe4 Bxe4 16. Qxe4 Bd6 17. Be3 Qf6 18. Rad1 e5 19. dxe5 Qxe5 20. Qxe5 Bxe5
21. Rd5 Bd6 22. c4 Rfe8 23. Rfd1 h6 24. Kf1 Re6 25. c5 bxc5 26. Bxc5 Bxc5 27.
Rxc5 c6 28. Rd7 a5 29. g3 a4 30. Rf5 f6 31. Rb7 Rd6 32. Rf4 h5 33. Re4 f5 34.
Ree7 Rg6 35. Ke2 Rd8 36. Kf3 Rd3+ 37. Ke2 Rd4 38. Ke3 Rc4 39. h4 Rgg4 40. Rf7
Rc5 41. a3 Re5+ 42. Kf3 Rd5 43. Rfc7 f4 44. gxf4 Rd3+ 45. Ke2 Rd4 46. Rxc6 Rdxf4
47. Rc8+ Kh7 48. Rc5 Kh6 49. Rg5 Re4+ 50. Kf1 Rxh4 51. Rgxg7 Rh1+ 52. Kg2 Rb1
53. Rgc7 Re6 54. Rc4 Rg6+ 55. Kf3 Rf6+ 56. Ke2 Re6+ 57. Kd2 Rf6 58. Rxa4 Rxf2+
59. Ke3 Rbxb2 60. Rab4 Rfe2+ 61. Kd3 Red2+ 62. Kc3 Rdc2+ 63. Kd4 Rxb4+ 64. Rxb4
Ra2 1/2-1/2

[Event "World Rapid Women 2018"]
[Site "St Petersburg RUS"]
[Date "2018.12.27"]
[Round "6.7"]
[White "Muzychuk, Anna"]
[Black "Batsiashvili, Nino"]
[Result "1-0"]
[WhiteTitle "GM"]
[BlackTitle "GM"]
[WhiteElo "2569"]
[BlackElo "2459"]
[WhiteFideId "14111330"]
[BlackFideId "13602993"]
[EventDate "2018.12.26"]

1. e4 c6 2. d4 d5 3. Nc3 dxe4 4. Nxe4 Nf6 5. Nxf6+ exf6 6. c3 Bd6 7. Bd3 O-O 8.
Qc2 Re8+ 9. Ne2 h5 10. Be3 Nd7 11. O-O-O Nf8 12. Ng3 g6 13. Ne4 Be7 14. Kb1 f5
15. Nd2 Be6 16. Nf3 b5 17. c4 bxc4 18. Bxc4 Bd5 19. Ne5 Bf6 20. f4 Qd6 21. Rhe1
Ne6 22. g3 Rab8 23. Bxd5 cxd5 24. Rd3 Rb6 25. Rb3 Rxb3 26. Qxb3 Rb8 27. Qc3 Nc7
28. Rc1 Nb5 29. Qc5 Qe6 30. a4 Be7 31. Qc6 Nd6 32. Bd2 Kg7 33. Bc3 h4 34. Qa6
hxg3 35. hxg3 Ne4 36. Qxa7 Rh8 37. Ba5 Nxg3 38. Rc7 Ne2 39. Rxe7 Rh1+ 40. Kc2
Qc8+ 41. Rc7 Rc1+ 42. Kd2 Rxc7 43. Qxc7 Qxc7 44. Bxc7 Nxd4 45. a5 Nb5 46. Bb6 f6
47. Nf3 Kf7 48. a6 1-0

[Event "World Rapid Women 2018"]
[Site "St Petersburg RUS"]
[Date "2018.12.27"]
[Round "6.8"]
[White "Galliamova, Alisa"]
[Black "Lei, Tingjie"]
[Result "0-1"]
[WhiteTitle "IM"]
[BlackTitle "GM"]
[WhiteElo "2444"]
[BlackElo "2453"]
[WhiteFideId "4129725"]
[BlackFideId "8605114"]
[EventDate "2018.12.26"]

1. Nf3 c5 2. c4 g6 3. g3 Bg7 4. Bg2 Nc6 5. O-O e6 6. e3 Nge7 7. Nc3 O-O 8. d4
cxd4 9. Nxd4 Nxd4 10. exd4 d6 11. Bf4 Nf5 12. Ne2 Qb6 13. Qb3 Nxd4 14. Nxd4 Bxd4
15. Qxb6 axb6 16. Bxd6 Rd8 17. Ba3 e5 18. Rac1 Ra4 19. Bd5 Kg7 20. Rfd1 b5 21.
Be7 Rd7 22. Bg5 Rxa2 23. cxb5 Rxd5 24. Rxc8 Bxf2+ 25. Kxf2 Rxd1 26. Rc2 Rd5 27.
Bd2 Rxb5 28. Bc3 Rc5 29. Re2 Rxc3 0-1

[Event "World Rapid Women 2018"]
[Site "St Petersburg RUS"]
[Date "2018.12.27"]
[Round "6.9"]
[White "Lagno, Kateryna"]
[Black "Mammadzada, Gunay"]
[Result "1-0"]
[WhiteTitle "GM"]
[BlackTitle "IM"]
[WhiteElo "2560"]
[BlackElo "2422"]
[WhiteFideId "14109336"]
[BlackFideId "13403729"]
[EventDate "2018.12.26"]

1. Nf3 d5 2. g3 Nf6 3. Bg2 c6 4. O-O Bg4 5. d4 e6 6. c4 Nbd7 7. cxd5 exd5 8. Qb3
Qb6 9. Qe3+ Be7 10. Nc3 Qd8 11. Ne5 Bh5 12. Qd3 Nxe5 13. dxe5 Nd7 14. f4 f6 15.
e4 Nc5 16. Qc2 dxe4 17. Be3 f5 18. h3 Qd3 19. Qf2 b6 20. g4 fxg4 21. Rad1 Qc4
22. Rd4 Qf7 23. hxg4 Bxg4 24. Nxe4 Nxe4 25. Bxe4 O-O 26. Bxc6 Rad8 27. Rxd8 Rxd8
28. f5 Rd3 29. f6 gxf6 30. exf6 Qxf6 31. Qg2 Qxf1+ 32. Qxf1 Rd1 33. Bd5+ Kg7 34.
Bd4+ Kh6 35. Qxd1 Bxd1 36. Kf2 Bc5 37. Ke3 Bxd4+ 1-0

[Event "World Rapid Women 2018"]
[Site "St Petersburg RUS"]
[Date "2018.12.27"]
[Round "6.10"]
[White "Tokhirjonova, Gulrukhbegim"]
[Black "Stefanova, Antoaneta"]
[Result "0-1"]
[WhiteTitle "WGM"]
[BlackTitle "GM"]
[WhiteElo "2444"]
[BlackElo "2486"]
[WhiteFideId "14203626"]
[BlackFideId "2902257"]
[EventDate "2018.12.26"]

1. e4 c6 2. d4 d5 3. e5 c5 4. Nf3 cxd4 5. Nxd4 e6 6. Nc3 Nc6 7. Bb5 Bd7 8. Bxc6
bxc6 9. O-O c5 10. Nb3 Qb6 11. Qg4 Rc8 12. Bd2 Ne7 13. Rfe1 h5 14. Qf3 Bc6 15.
a4 Nf5 16. a5 Qb8 17. a6 Be7 18. Na5 Ba8 19. Na4 c4 20. b3 d4 21. Qe2 d3 22.
cxd3 Nd4 23. Qd1 cxd3 24. Bf4 Nc2 25. Qxd3 Nxe1 26. Rxe1 Rd8 27. Qg3 Qb4 28. Rf1
Qxa5 29. Qxg7 Rf8 30. Bh6 Qxa6 31. Qg3 Qd3 32. f3 Qg6 33. Qf4 Rg8 34. g3 h4 35.
g4 Bg5 36. Bxg5 Qxg5 37. Qb4 Qe3+ 38. Kg2 h3+ 39. Kg3 Qxe5+ 0-1

[Event "World Rapid Women 2018"]
[Site "St Petersburg RUS"]
[Date "2018.12.27"]
[Round "6.11"]
[White "Abdumalik, Zhansaya"]
[Black "Bivol, Alina"]
[Result "1-0"]
[WhiteTitle "IM"]
[BlackTitle "WGM"]
[WhiteElo "2470"]
[BlackElo "2393"]
[WhiteFideId "13703544"]
[BlackFideId "4100123"]
[EventDate "2018.12.26"]

1. e4 e6 2. d4 d5 3. Nc3 Bb4 4. e5 c5 5. a3 Bxc3+ 6. bxc3 Qa5 7. Bd2 Qa4 8. Qg4
Kf8 9. Ra2 Ne7 10. h4 b6 11. Nf3 h6 12. h5 Ba6 13. Bxa6 Qxa6 14. Qf4 Nbc6 15.
Rh3 Ke8 16. g4 Rc8 17. a4 Qc4 18. Ra3 cxd4 19. Nxd4 Nxd4 20. cxd4 Qxc2 21. a5 b5
22. a6 Nc6 23. Rhc3 Qe4+ 24. Qxe4 dxe4 25. Rab3 Kd8 26. Rxb5 Nxd4 27. Rb7 Nc6
28. Rc4 Rf8 29. Bb4 Nxb4 30. Rcxb4 Rc7 31. Ke2 g6 32. Ke3 gxh5 33. gxh5 Rg8 34.
Rb8+ Rc8 35. Rd4+ Kc7 36. Rb7+ Kc6 37. Kxe4 f5+ 38. exf6 Rcf8 39. Ke5 Kc5 40.
Rdd7 Rg2 41. Rdc7# 1-0

[Event "World Rapid Women 2018"]
[Site "St Petersburg RUS"]
[Date "2018.12.27"]
[Round "6.12"]
[White "Munkhzul, Turmunkh"]
[Black "Khotenashvili, Bela"]
[Result "0-1"]
[WhiteTitle "WFM"]
[BlackTitle "GM"]
[WhiteElo "2255"]
[BlackElo "2479"]
[WhiteFideId "4901878"]
[BlackFideId "13602640"]
[EventDate "2018.12.26"]

1. e4 c6 2. d4 d5 3. exd5 cxd5 4. Bd3 Nc6 5. c3 g6 6. Bf4 Bf5 7. Nf3 Nf6 8. Na3
Bg7 9. O-O O-O 10. Re1 Nh5 11. Bc1 Bxd3 12. Qxd3 Qc7 13. Nb5 Qb8 14. Bd2 a6 15.
Na3 Qd6 16. Nc2 Rfe8 17. h3 Rad8 18. Rad1 f6 19. g4 Nf4 20. Bxf4 Qxf4 21. Qe3
Qxe3 22. Nxe3 e6 23. Re2 Kf7 24. Kg2 Bf8 25. Ne1 g5 26. Nd3 Bd6 27. Rde1 Ne7 28.
f3 Ng6 29. Kf2 Rc8 30. a3 b5 31. Ra1 a5 32. Rae1 Nf4 33. Nxf4 gxf4 34. Nc2 Rc4
35. Ra1 Re7 36. Ke1 Rec7 37. Kf2 b4 38. axb4 axb4 39. Ra6 R4c6 40. Rxc6 Rxc6 41.
cxb4 Rb6 42. Re1 Bxb4 43. Ra1 Be7 44. Ra2 Rb3 45. Ke2 Kg6 46. Ne1 Re3+ 47. Kf2
f5 48. gxf5+ Kxf5 49. Ng2 Rb3 50. Kf1 Rxf3+ 51. Kg1 Bf6 52. Kh2 Rf2 53. Kh1 Re2
54. Ra3 Bxd4 55. Rf3 e5 56. b3 Rf2 57. Rd3 Rf1+ 58. Kh2 Ke4 0-1

[Event "World Rapid Women 2018"]
[Site "St Petersburg RUS"]
[Date "2018.12.27"]
[Round "6.13"]
[White "Zhao, Xue"]
[Black "Styazhkina, Anna"]
[Result "1-0"]
[WhiteTitle "GM"]
[BlackTitle "WIM"]
[WhiteElo "2485"]
[BlackElo "2274"]
[WhiteFideId "8601283"]
[BlackFideId "24119300"]
[EventDate "2018.12.26"]

1. c4 e5 2. Nc3 Nf6 3. g3 d5 4. cxd5 Nxd5 5. Bg2 Nb6 6. Nf3 Nc6 7. d3 Be7 8. O-O
O-O 9. Be3 Be6 10. Rc1 Nd5 11. Nxd5 Bxd5 12. Qa4 a6 13. Rfd1 Kh8 14. Bc5 f6 15.
Qa3 Re8 16. b3 Qd7 17. Bxe7 Rxe7 18. Kf1 Rd8 19. Qc5 Qe8 20. Nd2 Bxg2+ 21. Kxg2
Nd4 22. e3 Ne6 23. Qc4 b5 24. Qc2 Red7 25. Ne4 Rd5 26. Qc6 Qf7 27. Qxa6 f5 28.
Nc3 Rxd3 29. Rxd3 Rxd3 30. Qxb5 e4 31. Ne2 Qh5 32. Ng1 h6 33. h4 Rd2 34. Qe5 Qf7
35. Rc6 Rd6 36. Rxd6 cxd6 37. Qxd6 Nf8 38. Ne2 Nd7 39. Nd4 g6 40. Qf4 Kg7 41. h5
Nc5 42. Qe5+ 1-0

[Event "World Rapid Women 2018"]
[Site "St Petersburg RUS"]
[Date "2018.12.27"]
[Round "6.14"]
[White "Cramling, Pia"]
[Black "Assaubayeva, Bibisara"]
[Result "0-1"]
[WhiteTitle "GM"]
[BlackTitle "FM"]
[WhiteElo "2465"]
[BlackElo "2372"]
[WhiteFideId "1700030"]
[BlackFideId "13708694"]
[EventDate "2018.12.26"]

1. Nf3 Nf6 2. c4 g6 3. Nc3 Bg7 4. e4 d6 5. d4 O-O 6. Be2 e5 7. d5 a5 8. h3 Na6
9. Bg5 h6 10. Be3 c6 11. g4 cxd5 12. cxd5 Bd7 13. Nd2 Nc5 14. a4 Rc8 15. Rg1 Ne8
16. Nc4 Kh7 17. h4 f5 18. h5 f4 19. hxg6+ Kxg6 20. Bxc5 Rxc5 21. Qb3 Bc8 22. Nd2
Bf6 23. Nf3 Bg5 24. O-O-O Nf6 25. Kb1 Kg7 26. Nd2 f3 27. Bxf3 Nh7 28. Nb5 Qf6
29. Rg3 Bf4 30. Rdg1 Bxd2 31. Be2 Qxf2 32. Qd3 Bf4 33. R3g2 Qe3 34. Nxd6 Ng5 35.
Nc4 Qxd3+ 36. Bxd3 Nxe4 37. Re1 Ng5 38. Nb6 Rf6 39. Nxc8 Rxc8 40. Bf5 Rc5 41.
Rd1 Rd6 42. Rc2 Rxc2 43. Kxc2 Kf6 44. Bc8 b6 45. Kb3 e4 46. Ba6 Ke5 47. Bc4 e3
48. Kc2 Ne4 49. Rh1 Ng3 50. Re1 0-1

[Event "World Rapid Women 2018"]
[Site "St Petersburg RUS"]
[Date "2018.12.27"]
[Round "6.15"]
[White "Javakhishvili, Lela"]
[Black "Doan, Thi Van Anh"]
[Result "1/2-1/2"]
[WhiteTitle "IM"]
[BlackTitle "WFM"]
[WhiteElo "2464"]
[BlackElo "1950"]
[WhiteFideId "13601458"]
[BlackFideId "12400491"]
[EventDate "2018.12.26"]

1. d4 d5 2. c4 dxc4 3. Nf3 a6 4. e3 b5 5. a4 Bb7 6. b3 e6 7. bxc4 bxc4 8. Bxc4
Bb4+ 9. Bd2 Qe7 10. Bxb4 Qxb4+ 11. Nbd2 Bc6 12. O-O Ne7 13. Qc2 O-O 14. Ng5 Ng6
15. f4 Qe7 16. Bd3 Be8 17. Ndf3 Nc6 18. Qf2 Nb4 19. Bxg6 fxg6 20. Qe1 Nc2 21.
Qf2 Nxa1 22. Rxa1 Rb8 23. Rc1 h6 24. Ne4 Qa3 25. Re1 Rb2 26. Qg3 Qb4 27. Nc5 Rb1
28. h3 Rxe1+ 29. Nxe1 Bxa4 30. Ned3 Qb1+ 31. Kh2 Bc2 32. Ne5 Bf5 33. Qf3 g5 34.
fxg5 hxg5 35. Qh5 g4 36. Ncd7 g3+ 37. Kxg3 Qe1+ 38. Kh2 Qxe3 39. Nxf8 Qf4+ 40.
Kh1 Qf1+ 1/2-1/2

[Event "World Rapid Women 2018"]
[Site "St Petersburg RUS"]
[Date "2018.12.27"]
[Round "6.17"]
[White "Romanovskaya, Anna"]
[Black "Dzagnidze, Nana"]
[Result "0-1"]
[WhiteTitle "WFM"]
[BlackTitle "GM"]
[WhiteElo "2210"]
[BlackElo "2513"]
[WhiteFideId "4164725"]
[BlackFideId "13601903"]
[EventDate "2018.12.26"]

1. e4 c5 2. Nc3 Nc6 3. Bb5 Nd4 4. Bc4 e6 5. Nf3 Ne7 6. Nxd4 cxd4 7. Ne2 Nc6 8.
d3 a6 9. O-O Be7 10. f4 O-O 11. f5 d5 12. exd5 exd5 13. Bb3 Bf6 14. Nf4 Ne7 15.
Nh5 Nxf5 16. Nxf6+ Qxf6 17. Bxd5 Qe5 18. Qf3 Be6 19. Bxb7 Ra7 20. Be4 Ne7 21.
Bf4 Qb5 22. b3 f5 23. Bd6 Rf7 24. Ba8 Bd5 25. Bxd5 Nxd5 26. Bf4 Qc5 27. Rae1
Rae7 28. Bg5 Rxe1 29. Rxe1 h6 30. Re8+ Kh7 31. Re5 hxg5 32. Qxd5 Qxd5 33. Rxd5
Rc7 34. Rxd4 Rxc2 35. Ra4 g4 36. Rxa6 f4 37. Ra4 g5 38. Kf1 Rc1+ 39. Kf2 Rc2+
40. Kf1 Rc1+ 41. Kf2 Rc2+ 42. Kf1 Kg6 43. Re4 Rxa2 44. Re2 Ra1+ 45. Kf2 Rb1 46.
Re6+ Kf5 47. Rb6 Rb2+ 48. Kf1 f3 49. Rb5+ Kf4 50. g3+ Ke3 51. Re5+ Kxd3 52. Rxg5
Rxh2 53. b4 Rb2 54. b5 Ke3 55. Re5+ Kd4 56. Rg5 Ke4 57. Ke1 f2+ 58. Kf1 0-1

[Event "World Rapid Women 2018"]
[Site "St Petersburg RUS"]
[Date "2018.12.27"]
[Round "6.18"]
[White "Paehtz, Elisabeth"]
[Black "Dordzhieva, Dinara"]
[Result "1/2-1/2"]
[WhiteTitle "IM"]
[BlackTitle "WIM"]
[WhiteElo "2487"]
[BlackElo "2340"]
[WhiteFideId "4641833"]
[BlackFideId "24157570"]
[EventDate "2018.12.26"]

1. d4 Nf6 2. Nf3 d6 3. g3 g6 4. Bg2 Bg7 5. O-O O-O 6. c4 Nc6 7. Nc3 a6 8. Bf4
Rb8 9. Rc1 Bd7 10. b3 Nh5 11. Be3 e5 12. dxe5 dxe5 13. Ne4 Qc8 14. Nc5 Bg4 15.
Re1 Rd8 16. Nd2 Nd4 17. Bg5 f6 18. Be3 b6 19. Bxd4 Rxd4 20. Nce4 Qd8 21. h3 Be6
22. e3 Rd7 23. g4 f5 24. gxf5 Bxf5 25. Qe2 Nf6 26. Nxf6+ Qxf6 27. Ne4 Qh4 28.
Qf3 Bxe4 29. Qxe4 Qxe4 30. Bxe4 Rbd8 31. Re2 Bf8 32. Kg2 Kg7 33. Bd5 Bc5 34. Kf3
Rd6 35. Rb1 a5 36. Be4 Rd2 37. Rbe1 Bb4 38. Kg2 Rxa2 39. Rxa2 Bxe1 40. Bd5 Rd6
41. Re2 Bb4 42. Kf3 Kf6 43. Rc2 Ke7 44. Rc1 c6 45. Be4 Kd7 46. Bc2 Kc7 47. Rd1
Rf6+ 48. Ke2 Bd6 49. Be4 Bc5 50. Ra1 Rf8 51. Rc1 Ra8 52. Ra1 Re8 53. h4 Be7 54.
Rh1 Bb4 55. h5 Rd8 56. hxg6 hxg6 57. Rh7+ Rd7 58. Bxg6 Rxh7 59. Bxh7 Kd6 60. Be4
Kc5 61. Kd3 Be1 62. f4 exf4 63. exf4 Bh4 1/2-1/2

[Event "World Rapid Women 2018"]
[Site "St Petersburg RUS"]
[Date "2018.12.27"]
[Round "6.19"]
[White "Harika, Dronavalli"]
[Black "Buksa, Nataliya"]
[Result "1-0"]
[WhiteTitle "GM"]
[BlackTitle "IM"]
[WhiteElo "2494"]
[BlackElo "2410"]
[WhiteFideId "5015197"]
[BlackFideId "14123622"]
[EventDate "2018.12.26"]

1. d4 d5 2. Bg5 Qd6 3. c3 Nf6 4. Nd2 g6 5. e3 Bg7 6. Bd3 O-O 7. Ngf3 c5 8. O-O
Nc6 9. Bf4 Qd8 10. h3 Nd7 11. Bb5 Qb6 12. Qa4 a6 13. Bxc6 bxc6 14. Qa3 Re8 15.
Rfe1 a5 16. e4 Ba6 17. e5 e6 18. dxc5 Qxc5 19. Qa4 Rab8 20. Nb3 Qb6 21. Qxa5
Qxa5 22. Nxa5 Rxb2 23. Nxc6 Bc4 24. Nb4 Ra8 25. Nd4 Bf8 26. a3 Kg7 27. Bc1 Bxb4
28. Bxb2 Ba5 29. Nc6 Bc7 30. Bc1 Nc5 31. Bg5 Nb3 32. Bf6+ Kg8 33. Rab1 Kf8 34.
Nd4 Nc5 35. Nb5 Ba5 36. Nd6 Bd3 37. Rbc1 h6 38. Re3 Rb8 39. Rf3 Be2 40. Re3 Bd3
41. Rd1 Ba6 42. h4 Rb2 43. Rd4 Rc2 44. Rb4 Rc1+ 45. Kh2 Bxb4 46. axb4 Nd3 47. b5
Nxf2 48. Kg3 Nd1 49. Rf3 Bxb5 50. Nxb5 Ke8 51. Nd6+ Kd7 52. Nxf7 Nxc3 53. Nxh6
Ne4+ 54. Kh2 Kc6 55. Ng8 Kc5 56. Ne7 d4 57. Nxg6 Rc3 58. Nf4 Rc2 59. h5 Nd2 60.
Rf2 Kc4 61. h6 d3 62. Nxd3 Kxd3 63. h7 Ke3 64. Rxd2 Kxd2 65. h8=Q Ke2 66. Qh5+
Ke1 67. Bh4+ Kd2 68. Qg5+ Kd1 69. Qg4+ Kc1 70. Qf4+ Kb2 71. Qb4+ Ka2 72. Qa4+
Kb1 73. Qb3+ Rb2 74. Qxe6 1-0

[Event "World Rapid Women 2018"]
[Site "St Petersburg RUS"]
[Date "2018.12.27"]
[Round "6.20"]
[White "Bodnaruk, Anastasia"]
[Black "Haussernot, Cecile"]
[Result "1/2-1/2"]
[WhiteTitle "IM"]
[BlackTitle "WIM"]
[WhiteElo "2420"]
[BlackElo "2196"]
[WhiteFideId "4181751"]
[BlackFideId "601632"]
[EventDate "2018.12.26"]

1. e4 c5 2. Nf3 d6 3. d4 cxd4 4. Nxd4 Nf6 5. Nc3 a6 6. h3 e6 7. g4 Be7 8. g5
Nfd7 9. h4 b5 10. Be3 Bb7 11. Bg2 Nc5 12. a3 Nbd7 13. f4 Nb6 14. b3 Rc8 15. Nde2
h6 16. Qd4 hxg5 17. hxg5 Rxh1+ 18. Bxh1 Bf8 19. Bf3 Qc7 20. Qd2 Bc6 21. Kf2 a5
22. Nd4 b4 23. axb4 axb4 24. Ncb5 Qd7 25. Nxc6 Rxc6 26. Ra7 Qc8 27. Nd4 Rc7 28.
Rxc7 Qxc7 29. Qxb4 e5 30. Qb5+ Nbd7 31. fxe5 dxe5 32. Nc6 Bd6 33. b4 Ne6 34. Bg4
Kf8 35. Bxe6 fxe6 36. c4 Qc8 37. c5 Bc7 38. Na7 Qe8 39. Ke1 Kg8 40. Qc6 Bd8 41.
Nc8 Qf7 42. b5 Ba5+ 43. Bd2 Bxd2+ 44. Kxd2 Qf2+ 45. Kc3 Qd4+ 46. Kc2 Qc4+ 47.
Kd2 Qd4+ 48. Ke2 Qc4+ 49. Kf2 Qd4+ 50. Ke2 Qc4+ 51. Kf2 Qd4+ 52. Ke2 Qc4+ 53.
Kf2 1/2-1/2